[Event "Berlin-ch Seniors op 24th"]
[Site "Berlin"]
[Date "2008.02.27"]
[Round "7"]
[White "Zum Winkel, Wolfgang"]
[Black "Klevenow, Hellmut"]
[Result "0-1"]
[WhiteElo "1869"]
[BlackElo "1735"]
[PlyCount "116"]
[EventDate "2008.02.21"]
[EventType "swiss"]
[EventRounds "9"]
[EventCountry "GER"]
[SourceTitle "EXT 2022"]
[Source "ChessBase"]
[SourceDate "2021.10.06"]
[SourceVersion "1"]
[SourceVersionDate "2021.10.06"]
[SourceQuality "1"]

1. Nf3 d5 2. d4 Nf6 3. c4 c6 4. Nc3 Bg4 5. Ne5 Bh5 6. Qb3 Qb6 7. Qxb6 axb6 8. cxd5 cxd5 9. e3 e6 10. Bb5+ Nbd7 11. 0-0 Bd6 12. Nxd7 Nxd7 13. Bd2 Ke7 14. Na4 Nf6 15. f3 Bg6 16. Nxb6 Rab8 17. Rfc1 Rhd8 18. a3 Ne8 19. b4 Nc7 20. Be2 Na8 21. Nxa8 Rxa8 22. a4 f6 23. a5 Rdc8 24. b5 Rxc1+ 25. Rxc1 Be8 26. b6 Bd7 27. a6 bxa6 28. Rb1 Bb5 29. Bxb5 axb5 30. Rxb5 Kd7 31. Bb4 Bxb4 32. Rxb4 Rb8 33. Ra4 Rb7 34. g4 Kc6 35. Ra8 Re7 36. Rb8 Rb7 37. Re8 Kd6 38. Rg8 Kc6 39. Re8 Kd6 40. f4 Rxb6 41. f5 exf5 42. gxf5 Rb5 43. Kf2 Rb7 44. Kf3 Re7 45. Rh8 h6 46. Ra8 Rd7 47. Re8 Re7 48. Rxe7 Kxe7 49. Kg4 Kf8 50. Kh5 Kf7 51. h3 Kg8 52. Kg6 Kf8 53. h4 Kg8 54. e4 dxe4 55. d5 Kf8 56. d6 e3 57. d7 Ke7 58. d8Q+ Kxd8 0-1

[Event "Berlin-ch Seniors op 24th"]
[Site "Berlin"]
[Date "2008.02.25"]
[Round "5"]
[White "Schueler, Wolfgang"]
[Black "Klevenow, Hellmut"]
[Result "1/2-1/2"]
[WhiteElo "1884"]
[BlackElo "1735"]
[PlyCount "72"]
[EventDate "2008.02.21"]
[EventType "swiss"]
[EventRounds "9"]
[EventCountry "GER"]
[SourceTitle "EXT 2022"]
[Source "ChessBase"]
[SourceDate "2021.10.06"]
[SourceVersion "1"]
[SourceVersionDate "2021.10.06"]
[SourceQuality "1"]

1. e4 e5 2. Nf3 Nf6 3. Nxe5 d6 4. Nf3 Nxe4 5. d4 Be7 6. Bd3 Nf6 7. 0-0 0-0 8. Re1 Bg4 9. h3 Bh5 10. Nbd2 Nc6 11. c3 d5 12. Nf1 Re8 13. Ng3 Bg6 14. Nf5 Bxf5 15. Bxf5 g6 16. Bd3 Nh5 17. Bb5 a6 18. Bxc6 bxc6 19. Ne5 c5 20. g4 Ng7 21. Qf3 Bf6 22. Bf4 Bxe5 23. Bxe5 Ne6 24. Bf6 Qd6 25. Be5 Ng5 26. Qg2 Qc6 27. h4 Ne4 28. f3 Nd6 29. Qg3 Nc4 30. b3 Nxe5 31. dxe5 c4 32. Qf2 cxb3 33. Qd4 Rab8 34. axb3 Rxb3 35. Re3 Qb6 36. Kf2 Qxd4 1/2-1/2

[Event "Berlin-ch Seniors op 23rd"]
[Site "Berlin"]
[Date "2007.02.13"]
[Round "9"]
[White "Berg, Gerd"]
[Black "Klevenow, Hellmut"]
[Result "0-1"]
[WhiteElo "1474"]
[BlackElo "1696"]
[PlyCount "68"]
[EventDate "2007.02.05"]
[EventType "swiss"]
[EventRounds "9"]
[EventCountry "GER"]
[SourceTitle "EXT 2022"]
[Source "ChessBase"]
[SourceDate "2021.10.06"]
[SourceVersion "1"]
[SourceVersionDate "2021.10.06"]
[SourceQuality "1"]

1. c4 c5 2. Nc3 Nf6 3. g3 g6 4. Bg2 Bg7 5. e3 Nc6 6. Nge2 0-0 7. d4 cxd4 8. exd4 d6 9. 0-0 Bf5 10. a3 Qc8 11. Be3 Re8 12. Rc1 Bh3 13. Rc2 Bxg2 14. Kxg2 h5 15. h4 Ng4 16. Qc1 b6 17. f3 Nxe3+ 18. Qxe3 Qf5 19. Rd2 Rac8 20. Qe4 Qxe4 21. fxe4 Na5 22. Rf3 Rxc4 23. Nd5 e6 24. Ne3 Rc7 25. Rc2 Rec8 26. Rc3 Rxc3 27. bxc3 Bh6 28. Nd1 Nc4 29. e5 dxe5 30. dxe5 Nxe5 31. Rf1 Nc4 32. a4 Rd8 33. Nd4 e5 34. Nc6 Rxd1 0-1

[Event "Berlin-ch Seniors op 23rd"]
[Site "Berlin"]
[Date "2007.02.12"]
[Round "8"]
[White "Klevenow, Hellmut"]
[Black "Bauer, Stefan"]
[Result "0-1"]
[WhiteElo "1696"]
[BlackElo "1630"]
[PlyCount "132"]
[EventDate "2007.02.05"]
[EventType "swiss"]
[EventRounds "9"]
[EventCountry "GER"]
[SourceTitle "EXT 2022"]
[Source "ChessBase"]
[SourceDate "2021.10.06"]
[SourceVersion "1"]
[SourceVersionDate "2021.10.06"]
[SourceQuality "1"]

1. e4 c5 2. Nf3 d6 3. Nc3 Nc6 4. d3 Bg4 5. Be2 Nf6 6. 0-0 g6 7. a3 Bg7 8. Rb1 a5 9. Be3 0-0 10. Qd2 Rb8 11. Bh6 Bxh6 12. Qxh6 Bxf3 13. Bxf3 Nd4 14. Bd1 b5 15. Ne2 e5 16. Nxd4 cxd4 17. f4 Kh8 18. fxe5 dxe5 19. Qg5 Nd7 20. Qxd8 Rbxd8 21. c3 Nc5 22. cxd4 Rxd4 23. b4 axb4 24. Rxb4 Rxb4 25. axb4 Nxd3 26. Be2 Nxb4 27. Rb1 Na2 28. Rxb5 Nc3 29. Rb2 Nxe4 30. Rb7 Kg7 31. Bf3 Ng5 32. Bd5 h5 33. h4 Nh7 34. Kf2 Nf6 35. Bb3 Ne4+ 36. Ke3 Nc5 37. Rb5 Nxb3 38. Rxb3 f5 39. g3 Kh6 40. Rb5 Re8 41. Kf3 Re6 42. Rb8 Kg7 43. Rb7+ Kf6 44. Rb8 Ke7 45. Rb7+ Kd6 46. Ra7 Kc5 47. Ke3 Rb6 48. Rc7+ Kd6 49. Rg7 Kd5 50. Rd7+ Rd6 51. Rh7 e4 52. Kf4 Kd4 53. Re7 Kd3 54. Re8 Ke2 55. Ra8 e3 56. Ke5 Rd2 57. Kf6 Kf2 58. Kxg6 Kxg3 59. Kxh5 f4 60. Rg8+ Kf2 61. Kg4 f3 62. h5 Rd4+ 63. Kh3 Rd1 64. Re8 e2 65. Kg4 e1Q 66. Rxe1 Rxe1 0-1

[Event "Berlin-ch Seniors op 23rd"]
[Site "Berlin"]
[Date "2007.02.11"]
[Round "7"]
[White "Klevenow, Hellmut"]
[Black "Gestrich, Wolfgang"]
[Result "1-0"]
[WhiteElo "1696"]
[BlackElo "1547"]
[PlyCount "113"]
[EventDate "2007.02.05"]
[EventType "swiss"]
[EventRounds "9"]
[EventCountry "GER"]
[SourceTitle "EXT 2022"]
[Source "ChessBase"]
[SourceDate "2021.10.06"]
[SourceVersion "1"]
[SourceVersionDate "2021.10.06"]
[SourceQuality "1"]

1. e4 e5 2. Nf3 Nf6 3. Nxe5 d6 4. Nf3 Nxe4 5. d4 d5 6. Bd3 Bg4 7. 0-0 Be7 8. Nc3 Nxc3 9. bxc3 0-0 10. Bf4 Bd6 11. Bg3 Bxg3 12. fxg3 f6 13. Qd2 Qd6 14. Rfe1 Nd7 15. Re3 Rae8 16. Rae1 Bh5 17. Nh4 Rxe3 18. Rxe3 Qa3 19. Bf5 Rd8 20. Qe1 Nf8 21. Re7 Qd6 22. Be6+ Nxe6 23. Rxe6 Qf8 24. Re7 Rc8 25. Nf5 Bf7 26. Qe3 Re8 27. Rxe8 Qxe8 28. Qxe8+ Bxe8 29. Ne7+ Kf7 30. Nxd5 c6 31. Ne3 Bd7 32. a3 Be6 33. Kf2 b5 34. Kf3 Bd5+ 35. Kf2 g6 36. g4 h6 37. h4 Be4 38. g3 Ke6 39. Ke2 f5 40. gxf5+ Bxf5 41. Kd2 h5 42. c4 bxc4 43. Kc3 Be4 44. Kxc4 Bd5+ 45. Nxd5 cxd5+ 46. Kc5 a5 47. a4 g5 48. hxg5 Kf5 49. g6 Kxg6 50. Kxd5 Kf5 51. c4 Kg4 52. c5 Kxg3 53. c6 h4 54. c7 h3 55. c8Q Kg2 56. Qxh3+ Kxh3 57. Ke5 1-0

[Event "Berlin-ch Seniors op 23rd"]
[Site "Berlin"]
[Date "2007.02.09"]
[Round "5"]
[White "Schroeder, Wolfgang1111"]
[Black "Klevenow, Hellmut"]
[Result "1-0"]
[WhiteElo "1613"]
[BlackElo "1696"]
[PlyCount "89"]
[EventDate "2007.02.05"]
[EventType "swiss"]
[EventRounds "9"]
[EventCountry "GER"]
[SourceTitle "EXT 2022"]
[Source "ChessBase"]
[SourceDate "2021.10.06"]
[SourceVersion "1"]
[SourceVersionDate "2021.10.06"]
[SourceQuality "1"]

1. d4 Nf6 2. Bg5 d5 3. Bxf6 exf6 4. Nd2 Bf5 5. Ngf3 Nc6 6. c3 g5 7. e3 Bg7 8. Qb3 Rb8 9. Be2 0-0 10. 0-0 a6 11. Rac1 b5 12. Ne1 Re8 13. Bd3 Bxd3 14. Nxd3 Bf8 15. Nb4 Na5 16. Qxd5 Bxb4 17. Qxd8 Rbxd8 18. cxb4 Nb7 19. Rxc7 Rb8 20. Rfc1 Re6 21. Rc8+ Rxc8 22. Rxc8+ Kg7 23. Rc7 Nd8 24. d5 Rd6 25. e4 Ne6 26. Rc6 Rxc6 27. dxc6 Nc7 28. Nf1 Kf8 29. Ne3 Ke7 30. Nd5+ Kd6 31. Nxf6 h6 32. Kf1 Kxc6 33. Ng4 Kd6 34. Nxh6 f6 35. Ng4 Ke6 36. Ke2 f5 37. exf5+ Kxf5 38. Ne3+ Ke4 39. f3+ Kd4 40. Kd2 Ne6 41. g3 Nc7 42. b3 Ke5 43. Kd3 Ne6 44. h3 Nd4 45. f4+ 1-0

[Event "Berlin-ch Seniors op 23rd"]
[Site "Berlin"]
[Date "2007.02.06"]
[Round "2"]
[White "Klevenow, Hellmut"]
[Black "Ahlberg, Guenter"]
[Result "1/2-1/2"]
[WhiteElo "1696"]
[BlackElo "1921"]
[PlyCount "92"]
[EventDate "2007.02.05"]
[EventType "swiss"]
[EventRounds "9"]
[EventCountry "GER"]
[SourceTitle "EXT 2022"]
[Source "ChessBase"]
[SourceDate "2021.10.06"]
[SourceVersion "1"]
[SourceVersionDate "2021.10.06"]
[SourceQuality "1"]

1. e4 c6 2. d4 d5 3. Nc3 dxe4 4. Nxe4 Bf5 5. Ng3 Bg6 6. Nf3 Nd7 7. Bd3 e6 8. 0-0 Bd6 9. Ne4 Bxe4 10. Bxe4 Ngf6 11. Bd3 Qc7 12. g3 0-0 13. Ng5 h6 14. Ne4 Nxe4 15. Bxe4 Nf6 16. Bd3 Rfd8 17. Qf3 Qe7 18. c3 Rac8 19. Bd2 c5 20. dxc5 Bxc5 21. Rad1 a6 22. Bb1 Rd7 23. Bc1 Rcd8 24. Rxd7 Rxd7 25. Rd1 Qd8 26. Rxd7 Qxd7 27. h3 Be7 28. Kg2 Qd5 29. Qxd5 exd5 30. Bf5 b6 31. Bf4 Ne8 32. Bc8 a5 33. Bb7 Nf6 34. Bc7 Bc5 35. Bd8 d4 36. cxd4 Bxd4 37. b3 Ne8 38. f4 Kf8 39. g4 f6 40. Kf3 Nd6 41. Bc6 Bc5 42. h4 Kf7 43. Bc7 Ke7 44. f5 Bd4 45. a4 Bc5 46. Bxd6+ Kxd6 1/2-1/2

[Event "Berlin-ch Seniors op 23rd"]
[Site "Berlin"]
[Date "2007.02.05"]
[Round "1"]
[White "Schroeder, Gert"]
[Black "Klevenow, Hellmut"]
[Result "0-1"]
[WhiteElo "1055"]
[BlackElo "1696"]
[PlyCount "62"]
[EventDate "2007.02.05"]
[EventType "swiss"]
[EventRounds "9"]
[EventCountry "GER"]
[SourceTitle "EXT 2022"]
[Source "ChessBase"]
[SourceDate "2021.10.06"]
[SourceVersion "1"]
[SourceVersionDate "2021.10.06"]
[SourceQuality "1"]

1. Nf3 Nf6 2. d4 d5 3. e3 g6 4. Be2 Bg7 5. c4 c6 6. b4 0-0 7. Bb2 Bg4 8. Na3 Nbd7 9. Nc2 dxc4 10. Bxc4 Nb6 11. Bb3 Ne4 12. Qd3 Bf5 13. Qf1 Nd5 14. Bxd5 Qxd5 15. Nd2 Nxd2 16. Kxd2 a5 17. Na3 axb4 18. Nc4 b5 19. Nb6 Qe4 20. Qb1 Qxb1 21. Rhxb1 Ra6 22. Rc1 Rxb6 23. Rc5 Bd7 24. f4 Ra8 25. h3 Rba6 26. e4 Rxa2 27. Rc2 Rxa1 28. Bxa1 Rxa1 29. e5 b3 30. Rc3 Ra2+ 31. Ke3 Rxg2 0-1

[Event "Brandenburg-ch Seniors 22nd"]
[Site "Berlin"]
[Date "2006.02.28"]
[Round "8"]
[White "Klevenow, Hellmut"]
[Black "Franke, Klaus"]
[Result "1/2-1/2"]
[WhiteElo "1725"]
[BlackElo "1709"]
[PlyCount "46"]
[EventDate "2006.02.20"]
[EventType "swiss"]
[EventRounds "9"]
[EventCountry "GER"]
[SourceTitle "EXT 2007"]
[Source "ChessBase"]
[SourceDate "2006.11.23"]
[SourceVersion "1"]
[SourceVersionDate "2006.11.23"]
[SourceQuality "1"]

1. e4 c6 2. d4 d5 3. Nc3 dxe4 4. Nxe4 Bf5 5. Ng3 Bg6 6. Nf3 Nf6 7. Bc4 e6 8. 0-0 Be7 9. c3 Nbd7 10. Bg5 Nd5 11. Bxe7 Qxe7 12. Qd2 h6 13. Rfe1 0-0 14. Re2 Qf6 15. Bxd5 cxd5 16. Rae1 Rac8 17. Ne5 Nxe5 18. Rxe5 Qd8 19. f4 Rc6 20. f5 exf5 21. Nxf5 Bxf5 22. Rxf5 Re6 23. Rfe5 Rfe8 1/2-1/2

[Event "Brandenburg-ch Seniors 22nd"]
[Site "Berlin"]
[Date "2006.02.27"]
[Round "7"]
[White "Klevenow, Hellmut"]
[Black "Scharkowski, Albrecht"]
[Result "1/2-1/2"]
[WhiteElo "1725"]
[BlackElo "1615"]
[PlyCount "108"]
[EventDate "2006.02.20"]
[EventType "swiss"]
[EventRounds "9"]
[EventCountry "GER"]
[SourceTitle "EXT 2007"]
[Source "ChessBase"]
[SourceDate "2006.11.23"]
[SourceVersion "1"]
[SourceVersionDate "2006.11.23"]
[SourceQuality "1"]

1. e4 d5 2. exd5 Qxd5 3. d4 Nc6 4. c3 e5 5. dxe5 Qxd1+ 6. Kxd1 Nxe5 7. Bf4 Ng4 8. Bg3 c6 9. h3 N4f6 10. Bd3 Bc5 11. Nf3 h6 12. Re1+ Be7 13. Nbd2 Be6 14. Nd4 0-0-0 15. Kc2 Bd7 16. Nc4 g6 17. Rxe7 Nxe7 18. Nd6+ Kb8 19. Nxf7+ Ka8 20. Nxh8 Rxh8 21. Re1 Nfd5 22. Kd2 Nf5 23. Nxf5 gxf5 24. Bc4 f4 25. Bh4 f3 26. g3 Bxh3 27. Re5 Kb8 28. Bb3 h5 29. c4 Nb6 30. Ke3 Bg4 31. a4 Nd7 32. Re7 Kc8 33. Bd1 Rf8 34. Bg5 Kc7 35. Bf4+ Kd8 36. Re4 Kc8 37. Bd6 Rd8 38. Bxf3 Nf6 39. Bxg4+ Nxg4+ 40. Rxg4 hxg4 41. Bb4 Kd7 42. Kf4 Rg8 43. f3 gxf3 44. Kxf3 Ke6 45. g4 Rg7 46. Bd2 Rd7 47. Bc3 Rf7+ 48. Ke4 Rf1 49. g5 Rg1 50. Bd2 Rg4+ 51. Kd3 c5 52. b3 Kf5 53. a5 b6 54. axb6 axb6 1/2-1/2